000 00305nam a22001337a 4500
008 170810b xxu||||| |||| 00| 0 eng d
020 _a3540550151
041 _aeng
080 _a004
100 _a35
101 _aSHK
245 _aDEDUCTIVE AND OBJECT-ORIENTED DATABASES
_cDELOBEL,C
942 _2udc
_cBK
999 _c23086
_d23086